| 000 | nam a22 7a 4500 | ||
|---|---|---|---|
| 999 |
_c17658 _d17658 |
||
| 008 | 161128b xxu||||| |||| 00| 0 eng d | ||
| 020 | _a0300081731 | ||
| 050 | _aN6853 .T47A4 1999 | ||
| 100 | _aMarshall, Nancy Rose | ||
| 245 |
_aJames Tissot Victorian Life / Mordern Love/ _cNancy Rose Marshall and Malcom Warner |
||
| 260 |
_aNew Haven: _bThe American Federation of Arts, _c1999 |
||
| 300 |
_a207p. : _bill. ; _ccm |
||
| 500 | _aIncludes bibliographical references and index. | ||
| 650 | _aArt. | ||
| 700 | _aWarner, Malcom | ||
| 942 |
_2lcc _cBOOKS _hN6853 .T47A4 1999 |
||